000 00699nam a2200193Ia 4500
003 GCL
008 140319s9999 xx 000 0 ara d
040 _aGCL /
_cGCL
082 0 4 _a371.2
_bض ا
100 1 _aضياء الدين زاهر
245 1 0 _aادارة النظم التعليمية للجودة الشاملة /
_cضياء الدين زاهر
250 _aالاولى
260 _aالقاهرة :
_bالسحاب للنشر والتوزيع ،
_c2005
300 _a293 ص ؛
_c24 سم
650 0 4 _aالمدارس - تنظيم وادارة
650 0 4 _aالتعليم - ادارة الجودة الشاملة
650 0 4 _aالتعليم - ضبط الجودة
942 _2ddc
_cBK
999 _c7367
_d7367